000 00786nam a2200313 4500
005 20260520190527.0
008 260520b2020 |||||||| |||| 00| 0 eng d
020 _a9780194061001
041 _aESP
082 _a428 W746s4
100 _aWilson, ken
245 _aSmart choice
250 _a4 edición
260 _aEstados Unidos
260 _bOxford University Press
260 _c2020
300 _a138 páginas
_bContiene fotografias e ilustraciones a color
490 _aEnseñanza de Idiomas
500 _aLibro 1
505 _aCuenta con practica en línea
650 _aINGLES
650 _aVOCABULARIO
650 _aCONVERSACIÓN
650 _aLECTURA
650 _aESCRITURA
650 _aPRONUNCIACIÓN
650 _aGRAMÁTICA
942 _2ddc
_cBK
999 _c13933
_d13933